000 00629nam a22001937a 4500
005 20150623121000.0
010 _aENG-112861
020 _c425.00
_a9789350352700
035 _aEN-96393
037 _bDBAD/PUB
082 _a347.54014092
100 _aBhagwati, P.N.
245 _aMy tryst with justice /
_cby P.N. Bhagwati ; foreworded by Salman Khurshid
260 _aNew Delhi
_bUniversal Law Publishing
_c2013
270 _aC-FF-1A, Dilkhush Industrial Estate, G.T. Karnal Road,
_bDelhi
_e110033
300 _axviii, 205p.
_c24cm(Hb)
500 _aIncludes index
942 _2ddc
_cEN
_mBHA
_h347.54014092
999 _c93310
_d93310